Terytoria zależne z najmniejszą gęstością zaludnienia - Statystyki

Ogólne statystyki
  • Ten quiz został rozwiązany 4 razy
  • Średni wynik to 6 z 15
Statystyki odpowiedzi
Gęstość Zaludnienia Odpowiedź % Poprawnych
0,03 Grenlandia
100%
8,2 Niue
67%
45 Wyspy Kokosowe
67%
33 Wyspy Owcze
67%
0,24 Falklandy
33%
2,0 Gujana Francuska
33%
54 Norfolk
33%
11 Nowa Kaledonia
33%
1,0 Pitcairn
33%
0,05 Svalbard
33%
18 Święta Helena
33%
45 Turks i Caicos
33%
60 Bonaire
0%
29 Saint-Pierre i Miquelon
0%
3,2 Wyspa Bożego Narodzenia
0%
Nie znaleziono quizów pasujących do podanych kryteriów
Rozkład punktacji
Procent ludzi z każdym wynikiem
Percentyl według liczby udzielonych odpowiedzi
Twoja historia wyników
Nie rozwiązałeś tego quizu